Statystyki dla Federacje krajowe należące do AFC

Kliknij tutaj aby rozwiązać quiz!

Ogólne statystyki

  • Ten quiz został rozwiązany 24 razy
  • Średni wynik to 36 z 47

Statystyki odpowiedzi

Federacja/Państwo% Poprawnych
Arabia Saudyjska
94%
Irak
94%
Iran
94%
Japonia
94%
Korea Południowa
94%
Afganistan
89%
Chiny
89%
Indie
89%
Indonezja
89%
Jemen
89%
Katar
89%
Korea Północna
89%
Mongolia
89%
Pakistan
89%
Bahrajn
83%
Bhutan
83%
Filipiny
83%
Kirgistan
83%
Kuwejt
83%
Laos
83%
Liban
83%
Oman
83%
Sri Lanka
83%
Tadżykistan
83%
Turkmenistan
83%
Wietnam
83%
Zjednoczone Emiraty Arabskie
83%
Bangladesz
78%
Kambodża
78%
Malediwy
78%
Malezja
78%
Mjanma
78%
Nepal
78%
Tajlandia
78%
Timor Wschodni
78%
Uzbekistan
78%
Australia
72%
Brunei
72%
Jordania
72%
Singapur
72%
Syria
72%
Hongkong
44%
Chińskie Tajpej
39%
Palestyna
39%
Guam
33%
Makau
33%
Mariany Północne
22%

Rozkład punktacji

Percentyl według liczby udzielonych odpowiedzi

Procent ludzi z każdym wynikiem

Twoja historia wyników

Nie rozwiązałeś tego quizu